000 00921nam a2200265Ia 4500
008 130821s1995 ck gr spa
020 _a958635220X
040 _aCo-BoUCM
_bspa
041 0 0 _aspa
100 1 _aBarrera Dominguez, Humberto
_9107054
245 1 0 _aDelitos sexuales Derecho comparado, doctrina y jurisprudencia
_cHumberto Barrera Domínguez
250 _a3a. ed
260 _aBogotá (Colombia)
_bEdiciones Libreria del Profesional
_c1995
300 _a268 páginas
504 _aIncluye índice
650 0 4 _aCriminología
_912152
650 0 4 _aDelitos sexuales
_912602
650 0 4 _aDelitos sexuales
_zColombia
_912602
650 0 4 _aDerecho penal (Derecho romano)
_912808
650 0 4 _aDerecho penal
_912805
650 0 4 _aDerecho penal
_zColombia
_931080
650 0 4 _aJurisprudencia penal
_918187
942 _cLIBRO
_a8
_e3
_mB17
_2DEWEY
_h364.153
999 _c24068
_d24068